000
00333 a2200109 4500
001
ART_11176
005
20260410161855.0
008
260409a
245
1
0
_a
América Latina y la crisis financiera internacional
100
1
_a
Ortiz Mena, Antonio
773
0
_t
Revista de Economía
_g
- Nº 36 (mar. 1983)
_w
REV11077
999
_c
25373
_d
25373